عرض عادي عرض مارك
  • Ohio Library and Information Network

مدخل إسم هيئة

عدد التسجيلات المستخدمة في: 1

001 - رقم الضبط

  • حقل الضبط: 89121

003 - معرف رقم الضبط

  • حقل الضبط: OSt

005 - تاريخ ووقت أخر عملية

  • حقل الضبط: 20220213133119.0

008 - عناصر بيانات ثابتة الطول

  • حقل تحكم ثابت الطول: 220213|| aca||aabn | a|a d

040 ## - مصدر الفهرسة

  • هيئة الفهرسة الأصلية: OSt
  • وكالة الكتابة: OSt

110 ## - مدخل -- أسم شخص

  • اسم الهيئه او اسم السلطه كعنصر مدخل: Ohio Library and Information Network

670 ## - بيانات المصدر موجوده

  • الاستشهاد بالمصدر: Work cat.: (OSt)0: Harris, Omar, author 89119, CCNA Security 210-260